| 000 | 00404nam a22001577a 4500 | ||
|---|---|---|---|
| 020 | _a9780071072601 | ||
| 082 | _a621.3 MAH | ||
| 100 | _aMahapatra, S.C. | ||
| 245 | _aPrinciples of electromagnetics | ||
| 260 |
_aNew Delhi, India _bMcGraw Hill _c2011 |
||
| 300 |
_axviii, 714 p. _bill. ; |
||
| 500 | _aIncludes index. | ||
| 650 | _aElectromagnetic fields. | ||
| 700 | _aSudipta Mahapatra | ||
| 942 | _cBK | ||
| 999 |
_c12414 _d12414 |
||